English Premier League Top Goalscorers (2015-2016) - Statistics

General Stats
  • This quiz has been taken 127 times
    104 since last reset
  • The average score is 12 of 20
Answer Stats
Hint Answer % Correct
Leicester City 24 Jamie Vardy
93%
Manchester City 24 Sergio Aguero
93%
Chelsea 12 Diego Costa
88%
Arsenal 16 Olivier Giroud
88%
Everton 18 Romelu Lukaku
87%
Tottenham Hotspur 25 Harry Kane
83%
Liverpool 10 Roberto Firmino
69%
Manchester United* 11 Anthony Martial
63%
West Ham 9 Andy Carroll and Dimitri Payet
60%
Sunderland 15 Jermain Defoe
58%
Watford 15 Odion Ighalo
52%
Southampton 11 Graziano Pelle and Sadio Mane
51%
Bournemouth* 6 Joshua King
46%
Crystal Palace 5 Yannick Bolasie, Scott Dann, Connor Wickham and Yohan Cabaye
44%
West Brom 9 Solomon Rondon
37%
Aston Villa 7 Jordan Ayew
35%
Stoke City 11 Marko Arnautovic
35%
Swansea City 12 Andre Ayew
30%
Newcastle United 11 Georginio Wijnaldum
30%
Norwich City 7 Dieumerci Mbokani
19%
No matching quizzes found
Score Distribution
Percent of People with Each Score
Percentile by Number Answered
Your Score History
You have not taken this quiz since the last reset